00846nam a2200241Ia 450000100060000000300090000600800410001504000130005604000130006904100130008210000180009510000290011324500550014224500480019725000110024526000120025626000330026826000490030130000560035050001380040665000290054465000310057314610IT-RoPAU130308s9999 xx 000 0 und d aIT-RoPAU cIT-RoPAU aITALIANO aRositi Franco gCodice Aut. SPICS: 1879 a"Problemi e metodi della ""analisi di contenuto""" bSettimanali di Informazione e di Attualita' a1a ed. aVICENZA bCentro Studi Nicolo' Rezzara c1974 [1° Ed.:1974 - Ed.Ling.Originale:1966] a"15 p. (prefazione: no ; testo: 15 [pagine: 5-19])" aOggettività dell'Analisi di Contenuto Limiti metodologici scomposizione in Elementi classificazione e Strutturazione degli Elementi aSAGGI DI STAMPA DI MASSA eCodice materia Spics: 6661